Countries with the smallest coastlines - Statistics

General Stats
  • This quiz has been taken 260 times
  • The average score is 10 of 20
Answer Stats
Country % Correct
Monaco
87%
Bosnia & Herzegovina
74%
Nauru
68%
Gambia
57%
St Kitts & Nevis
57%
St Vincent & The Grenadines
56%
St Lucia
55%
Tuvalu
53%
Barbados
51%
DR Congo
51%
Antigua & Barbuda
50%
Grenada
49%
Slovenia
49%
Togo
47%
Dominica
45%
Benin
44%
Belgium
41%
Jordan
38%
Lithuania
33%
Iraq
32%
No matching quizzes found
Score Distribution
Percent of People with Each Score
Percentile by Number Answered
Your Score History
You have not taken this quiz